000 00797cam a22002054a 4500
005 20250605163933.0
008 250528s ||||||||||||||||||||||||d
035 _a14752
020 _a751200131
040 _aGR-AtMCL
_bgre
_dGR-AtMCL
_eAACR2
245 1 _aMarxism and Ideology
260 _c1991
300 _a280
520 _aIntroduction, On the Character of Ideology: The Interpretation of Marx, The Change in the Meaning of Ideology: From Marx to Gramsci, The Marxist Concept of Ideology: A Continuing Controversy, Inversion and Contradiction, Ideology and Superstructure and Determination, Critique of Ideology or End of Ideology?, Notes and References, Index.
700 1 _aGregg Revivals
_9506
700 1 _aLarrain Jorge A
_9507
942 _cBK
999 _c372
_d372